000
00342 a2200157 4500
001
68393
020
_a
9786556132846
040
_c
Anchieta - Pituba
100
_a
Maria, Mateus de Godoi
240
1
0
_a
Geografia 8º ano
_l
245
1
0
_a
Geografia 8º ano
300
_a
304
362
0
_a
2023
650
4
_a
Geografia e viagens
942
_c
BK
999
_c
68393
_d
68393